000 00534nam a2200181Ia 4500
005 20250326124639.0
008 250326s9999 xx 000 0 und d
037 _aTextbook
040 _aFMSL
_beng
_cFMSL
041 _aeng
_2eng
084 _aX:80gD658(B0 L21
_qFMSL
100 _aKanter J
245 0 _aManagement-oriented management information systems
_cKanter J
260 _aNew Jersey
_bNew Jersey, Prentice-Hall
_c1972
300 _a270p
942 _cTB
_hX:80gD658(B0 L21
999 _c1274556
_d1274556